000 01623nam a2200301 4500
003 EG-GICUC
005 20260121100833.0
008 251019s1984 ua ||||fr|||| 00| 0 ara d
040 _a EG-GICUC
_bara
_c EG-GICUC
_d EG-GICUC
_erda
041 0 _aara
082 0 4 _221
_a341.77
_bم ن . ا
092 0 4 _221
099 _aLaw1 11 341.77 م ن . ا 1984
100 0 _aمحمد منصور الصاوى
_eمؤلف.
245 1 0 _aأحكام القانون الدولى المتعلقة بمكافحة الجرائم ذات الطبيعة الدولية :
_bالمتعلقة بمكافحة الجرائم ذات الطبيعة الدولية دراسة فى القانون الدولى الاجتماعى فى مجال مكافحة الجرائم الدولية للمخدرات وابادة الاجناس وخطف الطائرات وجرائم اخرى /
_cتأليف الدكتور محمد منصور الصاوى.
264 1 _aالاسكندرية :
_bدار المطبوعات الجامعية،
_c1984.
300 _a784 صفحة
_c24 سم
_bإيضاحيات، صور، مثيليات ؛
336 _2rda content
_atext
337 _2rda media
_aComputer
338 _2rda carrier
_aOnline Resource
504 _aيحتوي على اراجاعات ببليوجرافية
546 _aالنص أغلبه باللغة العربية مع بعض النصوص الفرنسية
650 1 _aالقانون الجنائى الدولى-مكافحة الجريمة.
_2qrmak
651 1 _2qrmak
856 4 0 _uhttps://fll.law.cu.edu.eg/fulltext/bks/B11-04753.pdf
905 _aRawan khaled
942 _2ddc
_n0
_cBK
_e21
999 _c35764
_d35764